000 00531nam a2200193Ia 4500
005 20250923145948.0
008 008 250917s9999 xx 000 0 eng d
037 _aTextual
040 _aDSWL
_beng
_cDSWL
041 _aeng
_2eng
084 _aYX,2T;7-T, N97
_qDSWL
245 0 _aToward Sustainable Development
_cEd. by W.F. Fisher
260 _aJaipur
_bRawat Pub.
_c1997
300 _axv,481 p.
365 _aINR
_b800.00
925 _g800.00
942 _cTEXL
_hYX,2T;7-T, N97
999 _c1457870
_d1457870